000
00342 a2200157 4500
001
180242
020
_a
040
_c
Magnum
100
_a
Góes, Lúcia Pimentel
240
1
0
_a
A cigarra e o grilo
_l
por
245
1
0
_a
A cigarra e o grilo
362
0
_a
1899
440
1
_a
Editora do Brasil
697
_a
MAGNITO: I/ANIMAIS
942
_c
BK
999
_c
180242
_d
180242